The Peoples of Malaysia, Brunei, & Singapore / (Record no. 6779)
[ view plain ]
| 000 -LEADER | |
|---|---|
| fixed length control field | 00999nam a22002057a 4500 |
| 001 - CONTROL NUMBER | |
| control field | 6779 |
| 003 - CONTROL NUMBER IDENTIFIER | |
| control field | FISKH |
| 005 - DATE AND TIME OF LATEST TRANSACTION | |
| control field | 20250528084031.0 |
| 008 - FIXED-LENGTH DATA ELEMENTS--GENERAL INFORMATION | |
| fixed length control field | 250528b cb ||||| |||| 00| 0 eng d |
| 040 ## - CATALOGING SOURCE | |
| Original cataloging agency | FISKH |
| Language of cataloging | eng |
| Transcribing agency | FISKH |
| Modifying agency | FISKH |
| 050 ## - LIBRARY OF CONGRESS CALL NUMBER | |
| Classification number | BV3320 SOU |
| 100 ## - MAIN ENTRY--PERSONAL NAME | |
| Personal name | Southeast Asia Research Network |
| 245 ## - TITLE STATEMENT | |
| Title | The Peoples of Malaysia, Brunei, & Singapore / |
| Statement of responsibility, etc. | By Southeast Asia Research Network |
| 260 ## - PUBLICATION, DISTRIBUTION, ETC. | |
| Place of publication, distribution, etc. | Singapore : |
| Name of publisher, distributor, etc. | Southeast Asia Link - SEALINK , |
| Date of publication, distribution, etc. | 2006. |
| 300 ## - PHYSICAL DESCRIPTION | |
| Extent | 113 pages : |
| Other physical details | color illustrations , maps ; |
| Dimensions | 25 cm . |
| 520 ## - SUMMARY, ETC. | |
| Summary, etc. | The Peoples of Malaysia, Brunei, & Singapore is a 2006 publication by Southeast Asia Link, offering a comprehensive overview of the diverse ethnic groups across these three Southeast Asian nations. The book is particularly tailored for Christian audiences, aiming to raise awareness about the various peoples and their receptiveness to global evangelization efforts.<br/> |
| 650 ## - SUBJECT ADDED ENTRY--TOPICAL TERM | |
| Topical term or geographic name entry element | Malaysia |
| Form subdivision | Non-fiction |
| 942 ## - ADDED ENTRY ELEMENTS (KOHA) | |
| Source of classification or shelving scheme | Dewey Decimal Classification |
| Koha item type | Books |
| Suppress in OPAC | No |
| Withdrawn status | Lost status | Source of classification or shelving scheme | Damaged status | Not for loan | Collection | Home library | Current library | Shelving location | Date acquired | Total Checkouts | Full call number | Barcode | Date last seen | Price effective from | Koha item type |
|---|---|---|---|---|---|---|---|---|---|---|---|---|---|---|---|
| Dewey Decimal Classification | Non-Fiction | Footprints International School Library Network Toul Tom Poung Campus | Footprints International School Library Network Toul Tom Poung Campus | TTP Secondary Non-Fiction Bookshelves | 05/28/2025 | SOU BV3320 SOU | 2025-1413 | 05/28/2025 | 05/28/2025 | Books |
